| 000 | 00349nam a22001217a 4500 | ||
|---|---|---|---|
| 008 | 211015b ||||| |||| 00| 0 eng d | ||
| 040 | _cDLC | ||
| 082 |
_a339.46 _bFLP |
||
| 245 | _aA foreign lens how global partners view China's poverty alleviation efforts | ||
| 260 |
_aBeijing _bForeign Language Press _c2019 |
||
| 300 | _a167p | ||
| 942 |
_2ddc _cBK |
||
| 999 |
_c587873 _d587873 |
||